Politika súdržnosti Európskej únie
Saved in:
| Main Author: | |
|---|---|
| Corporate Author: | |
| Other Authors: | , , |
| Format: | Book |
| Language: | Slovak |
| Published: |
Bratislava
Vydavateľstvo EKONÓM
2021
|
| Edition: | 1. vydanie |
| Subjects: | |
| Tags: |
No Tags, Be the first to tag this record!
|
MARC
| LEADER | 00000nam a2200000 4500 | ||
|---|---|---|---|
| 001 | 0274839 | ||
| 005 | 20240502074320.7 | ||
| 020 | |a 978-80-225-4822-9 | ||
| 041 | 0 | |a slo | |
| 044 | |a SK | ||
| 245 | 1 | 0 | |a Politika súdržnosti Európskej únie |c Igor Jašurek, Miroslav Šipikal ; recenzenti: Peter Pisár, Valéria Némethová |
| 250 | |a 1. vydanie | ||
| 264 | 1 | |a Bratislava |b Vydavateľstvo EKONÓM |c 2021 | |
| 300 | |a 130 s. [7,86 AH] | ||
| 610 | 2 | 0 | |a politika kohézna |
| 610 | 2 | 0 | |a integrácia |
| 610 | 2 | 0 | |a reformy |
| 610 | 2 | 0 | |a procesy rozhodovacie |
| 610 | 2 | 0 | |a implementácia |
| 610 | 2 | 0 | |a Slovensko |
| 610 | 2 | 0 | |a Európska únia |
| 100 | 1 | |a Jašurek, Igor, 1979- | |
| 700 | 1 | |a Šipikal, Miroslav, 1976- | |
| 700 | 1 | |a Pisár, Peter | |
| 700 | 1 | |a Némethová, Valéria, 1987- | |
| 710 | 2 | |a Ekonomická univerzita v Bratislave. Národohospodárska fakulta | |